Η διαχείριση της ενσωμάτωσης των Τ.Π.Ε στη σχολική μονάδα ως αλλαγή ή καινοτομία : η περίπτωση του διαδραστικού πίνακα ; διπλωματική εργασία [μεταπτυχιακή εργασία]

Αποθηκεύτηκε σε:
Λεπτομέρειες βιβλιογραφικής εγγραφής
Κύριος συγγραφέας: Ιωαννίδου, Καλλιόπη
Συγγραφή απο Οργανισμό/Αρχή: Πανεπιστήμιο Αιγαίου Σχολή Ανθρωπιστικών Επιστημών Τμήμα Επιστημών της Προσχολικής Αγωγής και του Εκπαιδευτικού Σχεδιασμού Πρόγραμμα Μεταπτυχιακών Σπουδών Μοντέλα Σχεδιασμού και Ανάπτυξης Εκπαιδευτικών Μονάδων
Άλλοι συγγραφείς: Φεσάκης, Γεώργιος (dgs [Επιβλέπων καθηγητής])
Μορφή: Thesis Βιβλίο
Γλώσσα:Greek
Δημοσίευση: 2016.
Θέματα:
Διαθέσιμο Online:http://hdl.handle.net/11610/17921
Ετικέτες: Προσθήκη ετικέτας
Δεν υπάρχουν, Καταχωρήστε ετικέτα πρώτοι!

MARC

LEADER 00000cam a2200000 a 4500
001 1/111974
008 160919s2016####gr | ||| |||| ||gre||
040 |a GR-MyUa  |b gre  |c GR-MyUa  |e AACR2 
041 0 |a gre 
082 7 |a 371.33466   |2 (23) 
100 1 |a Ιωαννίδου, Καλλιόπη. 
245 1 2 |a Η διαχείριση της ενσωμάτωσης των Τ.Π.Ε στη σχολική μονάδα ως αλλαγή ή καινοτομία :   |b η περίπτωση του διαδραστικού πίνακα ; διπλωματική εργασία [μεταπτυχιακή εργασία] /   |c Ιωαννίδου Καλλιόπη ; επιβλέπων καθηγητής: Φεσάκης Γεώργιος.  
260 |c 2016.  
300 |a 147 σ. :   |b πίν. ;   |c 30 εκ.  
500 |a Μέλη εξεταστικής επιτροπής: Κοντάκος Αναστάσιος, Καλαβάσης Φραγκίσκος.  
502 # # |a Διατριβή (μεταπτυχιακή) – Πανεπιστήμιο Αιγαίου, Ρόδος, 2016. 
504 |a Βιβλιογραφία: σ. 111-116.  
506 1 |a Πλήρες κείμενο - Ενδοπανεπιστημιακή δημοσίευση - Κλειδωμένη η δυνατότητα αντιγραφής.  
650 0 |a Teaching  |x Aids and devices. 
650 0 |a Educational technology  |z Greece. 
650 0 |a Interactive whiteboards. 
650 0 |a Audio-visual education. 
650 0 |a Education  |x Effect of technological innovations on. 
650 0 |a Instructional systems  |z Greece. 
650 0 |a Educational innovations. 
700 1 |a Φεσάκης, Γεώργιος,  |e dgs [Επιβλέπων καθηγητής] 
710 2 |a Πανεπιστήμιο Αιγαίου   |b Σχολή Ανθρωπιστικών Επιστημών   |b Τμήμα Επιστημών της Προσχολικής Αγωγής και του Εκπαιδευτικού Σχεδιασμού   |b Πρόγραμμα Μεταπτυχιακών Σπουδών Μοντέλα Σχεδιασμού και Ανάπτυξης Εκπαιδευτικών Μονάδων . 
852 |a INST  |b RHODES  |c DIATR  |e 20160919  |h 371.33466 ΙΩΑ  |p 005400038776  |q 005400038776  |t MTXE  |y 23 
856 |u http://hdl.handle.net/11610/17921 
924 |a Ιωαννίδου   |b Καλλιόπη   |y Ρόδος  |z 2016-07  
970 |z 19-09-2016